000 00261 a2200121 4500
001 157057
040 _cEscola São Tomás de Aquino
100 _aROCHA, Ruth
240 1 0 _aElefante?
_lpor
245 1 0 _aElefante?
697 _a*LITERATURA INFANTO
942 _cBK
999 _c157057
_d157057